Statistiques concernant Gens par pays n°2

Cliquez ici pour prendre le quiz!

Statistiques générales

  • Ce quiz a été pris 70 fois
  • Le résultat moyen est 17 sur 24

Statistiques - réponses

personnepays% Correct
Nelson MandelaAfrique du Sud
97%
Jésus de NazarethIsraël
97%
PeléBrésil
95%
PlatonGrèce
92%
Usain BoltJamaïque
92%
Che GuevaraArgentine
91%
RembrandtPays-Bas
89%
Cristiano RonaldoPortugal
86%
Shinichi SuzukiJapon
84%
Gengis KhanMongolie
81%
Nadia ComăneciRoumanie
81%
ImhotepÉgypte
75%
Aung San Suu KyiBirmanie
73%
Oussama ben LadenArabie Saoudite
72%
Ravi ShankarInde
69%
Henrik IbsenNorvège
64%
Heidi KlumAllemagne
63%
Haile GebrselassieÉthiopie
58%
Benazir BhuttoPakistan
56%
Peter JacksonNouvelle-Zélande
41%
Béla BartókHongrie
39%
Carlos SlimMexique
39%
Kofi AnnanGhana
34%
Rupert MurdochAustralie
25%

Distribution des résultats

Percentile par nombre de réponses

% des personnes avec chaque résultat

Votre développement - résultats

Vous n’avez pas pris ce quiz